Croatia 20 biggest cities - Statistics

General Stats
  • This quiz has been taken 47 times
  • The average score is 11 of 20
Answer Stats
Hint Answer % Correct
663,592 Zagreb
100%
149,830 Split
97%
26,922 Dubrovnik
89%
107,964 Rijeka
81%
67,309 Zadar
81%
52,220 Pula
78%
75,535 Osijek
69%
36,187 Varaždin
56%
41,869 Karlovac
50%
31,115 Šibenik
50%
45,005 Slavonski Brod
50%
22,255 Vukovar
47%
28,111 Vinkovci
44%
24,392 Bjelovar
36%
22,262 Koprivnica
36%
27,859 Sisak
36%
30,036 Velika Gorica
33%
55,313 Sesvete
19%
20,996 Solin
19%
18,768 Zaprešić
19%
No matching quizzes found
Score Distribution
Percent of People with Each Score
Percentile by Number Answered
Your Score History
You have not taken this quiz